<?xml version="1.0" encoding="UTF-8"?>
<record
    xmlns:xsi="http://www.w3.org/2001/XMLSchema-instance"
    xsi:schemaLocation="http://www.loc.gov/MARC21/slim http://www.loc.gov/standards/marcxml/schema/MARC21slim.xsd"
    xmlns="http://www.loc.gov/MARC21/slim">

  <leader>01136nas a2200265 i 4500</leader>
  <controlfield tag="001">388532</controlfield>
  <controlfield tag="005">20250925101039.0</controlfield>
  <controlfield tag="007">ta</controlfield>
  <controlfield tag="008">890206s2005    dr a  p|co   ||    ospa ||spa| </controlfield>
  <datafield tag="011" ind1=" " ind2=" ">
    <subfield code="a">2005.</subfield>
  </datafield>
  <datafield tag="022" ind1=" " ind2=" ">
    <subfield code="a">2220-1033</subfield>
  </datafield>
  <datafield tag="040" ind1=" " ind2=" ">
    <subfield code="a">DO-SdBNP</subfield>
    <subfield code="b">spa</subfield>
    <subfield code="c">DO-SdBNP</subfield>
    <subfield code="e">rda</subfield>
  </datafield>
  <datafield tag="041" ind1=" " ind2=" ">
    <subfield code="h">spa</subfield>
  </datafield>
  <datafield tag="110" ind1="1" ind2=" ">
    <subfield code="a">Academia de Ciencias de la Rep&#xFA;blica Dominicana</subfield>
    <subfield code="9">778</subfield>
  </datafield>
  <datafield tag="245" ind1=" " ind2=" ">
    <subfield code="a">Sociales /</subfield>
    <subfield code="c">Academia de Ciencias de la Rep&#xFA;blica Dominicana.</subfield>
  </datafield>
  <datafield tag="264" ind1=" " ind2=" ">
    <subfield code="a">Santo Domingo, Rep&#xFA;blica Dominicana :</subfield>
    <subfield code="b">Comisi&#xF3;n de Ciencias Sociales Academia de Ciencias de la Rep&#xFA;blica Dominicana,</subfield>
    <subfield code="c">2005.</subfield>
  </datafield>
  <datafield tag="300" ind1=" " ind2=" ">
    <subfield code="a">volumen : </subfield>
    <subfield code="b">ilustraciones, fotograf&#xED;as ; </subfield>
    <subfield code="c">26 cm.</subfield>
  </datafield>
  <datafield tag="310" ind1=" " ind2=" ">
    <subfield code="a">Anual.</subfield>
  </datafield>
  <datafield tag="336" ind1=" " ind2=" ">
    <subfield code="a">texto</subfield>
    <subfield code="b">txt</subfield>
    <subfield code="2">rdacontent</subfield>
  </datafield>
  <datafield tag="337" ind1=" " ind2=" ">
    <subfield code="a">sin mediaci&#xF3;n </subfield>
    <subfield code="b">n</subfield>
    <subfield code="2">rdamedia</subfield>
  </datafield>
  <datafield tag="338" ind1=" " ind2=" ">
    <subfield code="a">volumen</subfield>
    <subfield code="b">nc</subfield>
    <subfield code="2">rdacarrier</subfield>
  </datafield>
  <datafield tag="520" ind1=" " ind2=" ">
    <subfield code="a">SOCIALES: es una publicaci&#xF3;n anual de la Academia de Ciencias de la Rep&#xFA;blica Dominicana, que tiene por misi&#xF3;n la divulgaci&#xF3;n de las ciencias sociales sobre nuestro pa&#xED;s y la aplicaci&#xF3;n de la mismas.</subfield>
  </datafield>
  <datafield tag="651" ind1=" " ind2="0">
    <subfield code="a">Rep&#xFA;blica Dominicana</subfield>
    <subfield code="x">Ciencias Sociales</subfield>
    <subfield code="v">Publicaciones peri&#xF3;dicas</subfield>
    <subfield code="9">78065</subfield>
  </datafield>
  <datafield tag="942" ind1=" " ind2=" ">
    <subfield code="c">ISSUE</subfield>
    <subfield code="2">ddc</subfield>
  </datafield>
  <datafield tag="952" ind1=" " ind2=" ">
    <subfield code="0">0</subfield>
    <subfield code="1">0</subfield>
    <subfield code="2">ddc</subfield>
    <subfield code="4">0</subfield>
    <subfield code="5">6</subfield>
    <subfield code="7">0</subfield>
    <subfield code="8">SE</subfield>
    <subfield code="a">BNPHU</subfield>
    <subfield code="b">BNPHU</subfield>
    <subfield code="d">2025-06-05</subfield>
    <subfield code="h">A&#xF1;o 1. Volumen 1, No. 1, julio 2005</subfield>
    <subfield code="l">0</subfield>
    <subfield code="p">2025-4909</subfield>
    <subfield code="r">2025-06-05</subfield>
    <subfield code="t">e.1</subfield>
    <subfield code="w">2025-06-05</subfield>
    <subfield code="y">ISSUE</subfield>
    <subfield code="z">Revista de Ciencias Sociales.</subfield>
  </datafield>
  <datafield tag="952" ind1=" " ind2=" ">
    <subfield code="0">0</subfield>
    <subfield code="1">0</subfield>
    <subfield code="2">ddc</subfield>
    <subfield code="4">0</subfield>
    <subfield code="5">6</subfield>
    <subfield code="7">0</subfield>
    <subfield code="8">SE</subfield>
    <subfield code="a">BNPHU</subfield>
    <subfield code="b">BNPHU</subfield>
    <subfield code="d">2025-06-05</subfield>
    <subfield code="h">A&#xF1;o 2. Volumen 1. No. 3-4, diciembre 2006</subfield>
    <subfield code="l">0</subfield>
    <subfield code="p">2025-4910</subfield>
    <subfield code="r">2025-06-05</subfield>
    <subfield code="t">e.1</subfield>
    <subfield code="w">2025-06-05</subfield>
    <subfield code="y">ISSUE</subfield>
    <subfield code="z">Revista de Ciencias Sociales.</subfield>
  </datafield>
  <datafield tag="952" ind1=" " ind2=" ">
    <subfield code="0">0</subfield>
    <subfield code="1">0</subfield>
    <subfield code="2">ddc</subfield>
    <subfield code="4">0</subfield>
    <subfield code="5">6</subfield>
    <subfield code="7">0</subfield>
    <subfield code="8">SE</subfield>
    <subfield code="a">BNPHU</subfield>
    <subfield code="b">BNPHU</subfield>
    <subfield code="d">2025-06-05</subfield>
    <subfield code="h">No. 5, 2012</subfield>
    <subfield code="l">0</subfield>
    <subfield code="p">2025-4911</subfield>
    <subfield code="r">2025-06-05</subfield>
    <subfield code="t">e.1</subfield>
    <subfield code="w">2025-06-05</subfield>
    <subfield code="y">ISSUE</subfield>
    <subfield code="z">Revista de Ciencias Sociales.</subfield>
  </datafield>
  <datafield tag="999" ind1=" " ind2=" ">
    <subfield code="c">59148</subfield>
    <subfield code="d">59148</subfield>
  </datafield>
</record>
